000 00540nam a22001457a 4500
003 macl
005 20190324140547.0
008 190324b xxu||||| |||| 00| 0 eng d
040 _cmacl
100 _aमाकारेंको,अन्‍तोन
_973932
245 _aएक प्रेरक पुस्‍तक माता पिता के लिए
260 _aयूपी
_bसुरेन्‍द्र साहित्‍य केन्‍द्र
_c2016
650 _aशिक्षा
_973933
942 _2ddc
_cHIN
999 _c59107
_d59107